[Event "Europe Echecs online op April"]
[Site "Europe Echecs INT"]
[Date "2020.04.11"]
[Round "11"]
[White "Mrabti, Yahya"]
[Black "Claude"]
[Result "1/2-1/2"]
[WhiteElo "1827"]
[BlackElo "1526"]
[PlyCount "129"]
[EventDate "2020.04.11"]
[EventType "swiss (blitz)"]
[EventRounds "11"]
[EventCountry "FRA"]
[SourceTitle "EXT 2021"]
[Source "ChessBase"]
[SourceDate "2020.10.23"]
[SourceVersion "1"]
[SourceVersionDate "2020.10.23"]
[SourceQuality "1"]

1. e4 e5 2. Nf3 d6 3. d4 exd4 4. Bc4 Be7 5. Nxd4 Nf6 6. Nc3 0-0 7. Be3 Ng4 8. Qf3 Bf6 9. 0-0-0 Nxe3 10. Qxe3 Bd7 11. Kb1 Nc6 12. Nxc6 Bxc6 13. f3 h6 14. g4 Bh4 15. e5 Re8 16. Qf4 Qe7 17. exd6 cxd6 18. Ne4 Rad8 19. Rxd6 Rxd6 20. Qxd6 Bxe4 21. Qxe7 Bxc2+ 22. Kxc2 Rxe7 23. Rd1 g6 24. h3 Kg7 25. a4 Rc7 26. b3 a6 27. Rd5 Bg3 28. Kd3 Bf2 29. Ke4 Re7+ 30. Re5 Bh4 31. f4 Kf6 32. Rxe7 Kxe7 33. Kd5 Bf2 34. b4 Be3 35. f5 g5 36. b5 axb5 37. Bxb5 b6 38. Kc6 f6 39. Bc4 Bf2 40. Be6 Bd4 41. Bc8 Be3 42. Be6 Bd4 43. Kd5 Bf2 44. Ke4 Kd6 45. Kf3 Bc5 46. Kg3 Bd4 47. h4 Be5+ 48. Kh3 Kc5 49. hxg5 hxg5 50. Kg2 Kb4 51. Kf3 Kxa4 52. Bd7+ b5 53. Ke4 Ka5 54. Kd3 b4 55. Kc2 Bc3 56. Be6 Kb6 57. Kb3 Kc5 58. Bf7 Kd4 59. Bg6 Ke4 60. Bf7 Kf4 61. Bh5 Kg3 62. Kc2 Kf4 63. Kb3 Kg3 64. Kc2 Kf4 65. Kb3 1/2-1/2

[Event "Gibraltar Amateur op-B"]
[Site "Caleta"]
[Date "2016.02.03"]
[Round "5"]
[White "Odiase, Oluwaseun"]
[Black "Mrabti, Yahya"]
[Result "0-1"]
[WhiteElo "1834"]
[BlackElo "1780"]
[PlyCount "156"]
[EventDate "2016.01.30"]
[EventType "swiss"]
[EventRounds "5"]
[EventCountry "GGB"]
[SourceTitle "CBM 170 Extra"]
[Source "ChessBase"]
[SourceDate "2016.02.25"]
[SourceVersion "1"]
[SourceVersionDate "2016.02.25"]
[SourceQuality "1"]

1. g3 c5 2. Bg2 Nc6 3. e4 g6 4. f4 Bg7 5. c3 d6 6. Nf3 e6 7. 0-0 Nge7 8. Qe2 0-0 9. Rd1 d5 10. d3 d4 11. c4 e5 12. Nbd2 exf4 13. gxf4 Bg4 14. Nf1 Qc7 15. h3 Be6 16. Qf2 Bh6 17. Qh4 Bg7 18. Ng3 f6 19. Rf1 Qd7 20. Bd2 Rab8 21. Rab1 Nb4 22. Bxb4 cxb4 23. Ne2 Nc6 24. Nh2 b5 25. b3 bxc4 26. bxc4 a5 27. f5 Bf7 28. fxg6 hxg6 29. Ng4 g5 30. Nh6+ Kh7 31. Qg4 Qxg4 32. Nxg4 Bh5 33. Bf3 Bg6 34. Ng3 Ne5 35. Nxe5 fxe5 36. Nf5 Rf6 37. Rf2 Bxf5 38. exf5 Bf8 39. Be4 Kh6 40. Kg2 a4 41. Kg3 b3 42. axb3 Rxb3 43. Rxb3 axb3 44. Rb2 Rb6 45. f6 Ba3 46. Rb1 b2 47. f7 Kg7 48. Bd5 Rb3 49. c5 Rxd3+ 50. Kg4 Rc3 51. c6 Rc5 52. Be4 Kxf7 53. c7 Rxc7 54. Kxg5 Ke6 55. Kg4 Rc1 56. Kf3 Rxb1 57. Bxb1 Kd5 58. Ba2+ Kc5 59. Ke4 Kb4 60. Bb1 Kc3 61. h4 Be7 62. h5 Bg5 63. Kf5 Bh6 64. Ke4 Bc1 65. Bd3 Bf4 66. Bb1 Kd2 67. h6 Bxh6 68. Kxe5 Bg7+ 69. Ke4 Kc1 70. Bd3 b1Q 71. Bxb1 Kxb1 72. Kd3 Kb2 73. Kd2 Kb3 74. Kd3 Bf6 75. Kd2 Kc4 76. Kc2 Bg5 77. Kd1 Kd3 78. Ke1 Kc2 0-1

[Event "Gibraltar Masters 14th"]
[Site "Caleta"]
[Date "2016.01.29"]
[Round "4"]
[White "Myall, Ivan J"]
[Black "Mrabti, Yahya"]
[Result "1-0"]
[WhiteElo "2049"]
[BlackElo "1780"]
[PlyCount "103"]
[EventDate "2016.01.26"]
[EventType "swiss"]
[EventRounds "10"]
[EventCountry "GGB"]
[SourceTitle "CBM 171"]
[Source "ChessBase"]
[SourceDate "2016.03.14"]
[SourceVersion "2"]
[SourceVersionDate "2016.03.14"]
[SourceQuality "1"]

1. e4 c5 2. c3 d5 3. exd5 Qxd5 4. d4 cxd4 5. cxd4 Nc6 6. Nf3 e5 7. Nc3 Bb4 8. Bd2 Bxc3 9. Bxc3 e4 10. Ne5 Nxe5 11. dxe5 Ne7 12. Qe2 0-0 13. Rd1 Qxa2 14. Qxe4 Bf5 15. Qc4 Qxc4 16. Bxc4 Be6 17. Bxe6 fxe6 18. Rd7 Nd5 19. Rxb7 Nxc3 20. bxc3 a5 21. 0-0 a4 22. Ra1 Rfc8 23. Ra3 Rc5 24. f4 g5 25. g3 gxf4 26. gxf4 Rc4 27. Rb4 Rxb4 28. cxb4 Kf7 29. Kf2 Kg6 30. Ke3 Kf5 31. Kd4 Kxf4 32. b5 Rb8 33. Kc5 Kxe5 34. Rxa4 Rc8+ 35. Kb6 Kd5 36. Kb7 Rg8 37. b6 Rg2 38. h4 Ke5 39. Ka7 Kf5 40. b7 Rb2 41. b8Q Rxb8 42. Kxb8 e5 43. Kc7 e4 44. Kd6 h5 45. Kd5 e3 46. Re4 e2 47. Rxe2 Kg4 48. Re4+ Kg3 49. Ke5 Kh3 50. Kf5 Kg3 51. Kg5 Kf3 52. Ra4 1-0